书目信息 |
| 题名: |
政党衰败根源析
|
|
| 作者: | 李建中 , 黄福寿 著 | |
| 分册: | ||
| 出版信息: | 上海 学林出版社 2003 |
|
| 页数: | 278页 | |
| 开本: | 21cm | |
| 丛书名: | 政治沉疴系列 | |
| 单 册: | ||
| 中图分类: | D564 | |
| 科图分类: | ||
| 主题词: | 政党--研究--世界--现代 , 政党 | |
| 电子资源: | ||
| ISBN: | 7-80668-521-9 | |
| 000 | 00839oam2 2200265 450 | |
| 001 | 1252514494 | |
| 005 | 20121005143618.64 | |
| 010 | @a7-80668-521-9@dCNY18.00 | |
| 100 | @a20030905d2003 emky0chiy50 ea | |
| 101 | 0 | @achi |
| 102 | @aCN@b310000 | |
| 105 | @ay z 000yy | |
| 200 | 1 | @a政党衰败根源析@Azheng dang shuai bai gen yuan xi@f李建中,黄福寿著 |
| 210 | @a上海@c学林出版社@d2003 | |
| 215 | @a278页@d21cm | |
| 225 | 2 | @a政治沉疴系列 |
| 330 | @a本书对当代若干个“在不该衰败的时候走向衰败”的政党的衰败过程进行了描述和分析。以给人们一点相关知识和启示。 | |
| 461 | 0 | @12001 @a政治沉疴系列 |
| 606 | 0 | @a政党@x研究@y世界@z现代 |
| 606 | 0 | @a政党 |
| 690 | @aD564@v4 | |
| 701 | 0 | @a李建中@Ali jian zhong@c(党史)@4著 |
| 701 | 0 | @a黄福寿@Ahuang fu shou@c(政治)@4著 |
| 801 | 0 | @aCN@bNLC@c20101222 |
| 905 | @a10447@dD564@eJY49 | |
| 政党衰败根源析/李建中,黄福寿著.-上海:学林出版社,2003 |
| 278页;21cm.-(政治沉疴系列) |
| ISBN 7-80668-521-9:CNY18.00 |
| 本书对当代若干个“在不该衰败的时候走向衰败”的政党的衰败过程进行了描述和分析。以给人们一点相关知识和启示。 |
| ● |
| 相关链接 |
|
|
|
|
正题名:政党衰败根源析
索取号:D564/JY49
 
预约/预借
| 序号 | 登录号 | 条形码 | 馆藏地/架位号 | 状态 | 备注 |
| 1 | 7811858 | 278118582 | 学院路分馆/ [索取号:D564/JY49] | 在馆 | |
| 2 | 7811859 | 278118591 | 学院路分馆/ [索取号:D564/JY49] | 在馆 | |
| 3 | 7811860 | 278118608 | 学院路分馆/ [索取号:D564/JY49] | 在馆 |